Statistics for Cities of America that everybody should know

Click here to take the quiz!

General Stats

  • This quiz has been taken 20 times
  • The average score is 34 of 60

Answer Stats

3Cities% Correct
3New York City
100%
3Chicago
95%
3Los Angeles
95%
3Boston
89%
3Houston
89%
3Washington D. C.
89%
3Dallas
84%
3Miami
84%
3Philadelphia
84%
3Montreal
79%
3San Francisco
79%
3Detroit
74%
3Guatemala City
74%
3Mexico City
74%
3Panama City
74%
3San Jose (CR)
74%
3Toronto
74%
3Buenos Aires
68%
3Caracas
68%
3Havana
68%
3Lima
68%
3Monterrey
68%
3Rio De Janeiro
68%
3Santiago
68%
3Sao Paulo
68%
3Vancouver
68%
3Brasilia
63%
3Nassau
63%
3San Salvador
63%
3Kingston
58%
3La Paz
58%
3Medellin
58%
3Montevideo
58%
3Santo Domingo
58%
3Tegucigalpa
58%
3Bogota
53%
3Cali
53%
3Managua
53%
3Port-au-prince
53%
3Quito
53%
3Recife
53%
3Belmopan
47%
3Belo Horizonte
47%
3Salvador
47%
3Belize City
42%
3Rosario
42%
3Barranquilla
32%
3Cordoba
32%
3Maracaibo
32%
3Santa Cruz
32%
3Cusco
26%
3Fortaleza
26%
3Georgetown
26%
3Paramaribo
26%
3Valparaiso
26%
3Guadelajara
16%
3Iquitos
16%
3Valencia
11%
3Cartenga
5%
3Ottowa
5%

Score Distribution

Percentile by Number Answered

Percent of People with Each Score

Your Score History

You have not taken this quiz